[Event "23rd Abu Dhabi Masters"]
[Site "Abu Dhabi UAE"]
[Date "2016.08.23"]
[Round "3.51"]
[White "Pujari, Rucha"]
[Black "Siva, Mahadevan"]
[Result "0-1"]
[WhiteTitle "WFM"]
[BlackTitle "IM"]
[WhiteElo "2137"]
[BlackElo "2352"]
[WhiteFideId "5024528"]
[BlackFideId "25043153"]
[EventDate "2016.08.21"]

1. d4 Nf6 2. c4 e6 3. Nf3 b6 4. g3 Ba6 5. b3 Bb7 6. Bg2 Bb4+ 7. Bd2 c5 8. Bxb4
cxb4 9. O-O O-O 10. a3 Na6 11. a4 d6 12. Nbd2 Qc7 13. Qb1 e5 14. e3 Rfe8 15. Re1
Rad8 16. h3 h6 17. a5 bxa5 18. Qa2 exd4 19. exd4 Rxe1+ 20. Nxe1 Re8 21. Bxb7
Qxb7 22. Ng2 Nb8 23. d5 Qb6 24. Qxa5 Qd4 25. Nf3 Qc3 26. Re1 Qxf3 27. Rxe8+ Nxe8
28. Qd8 Kf8 29. Qxb8 Qxb3 30. Ne3 Qb1+ 31. Kh2 b3 32. c5 dxc5 33. d6 Qd3 34. Nc4
b2 35. Qxb2 Nxd6 36. Qb8+ Ne8 37. Ne3 Qd7 38. Nc4 g6 39. Ne5 Qd6 40. Qb2 Nf6 41.
Nc4 Qe6 42. Ne5 Kg7 43. Kg1 Qxh3 44. g4 Ne4 45. Nxf7+ Qc3 46. Qa2 Qe1+ 47. Kg2
Qxf2+ 48. Qxf2 Nxf2 49. Ne5 Ne4 50. Kf3 Nd6 51. Ke3 a5 52. Kd3 a4 53. Kc3 h5 54.
gxh5 gxh5 55. Nd3 h4 56. Nxc5 h3 57. Nd3 h2 58. Nf2 Ne4+ 59. Nxe4 h1=Q 60. Nc5
Qc6 61. Kd4 0-1

[Event "23rd Abu Dhabi Masters"]
[Site "Abu Dhabi UAE"]
[Date "2016.08.23"]
[Round "3.52"]
[White "Ajay Krishna, S"]
[Black "Antonio, Viani D'cunha"]
[Result "0-1"]
[WhiteElo "2125"]
[BlackElo "2346"]
[WhiteFideId "5096430"]
[BlackFideId "5027330"]
[EventDate "2016.08.21"]

1. d4 Nf6 2. g3 g6 3. Bg2 Bg7 4. c4 d6 5. Nc3 O-O 6. e4 c5 7. dxc5 dxc5 8. Qxd8
Rxd8 9. Be3 Na6 10. Nge2 Ng4 11. Bf4 Ne5 12. Bxe5 Bxe5 13. O-O Rd2 14. Rad1 Rxb2
15. Rd8+ Kg7 16. f4 Bxc3 17. Nxc3 Bh3 18. Rxa8 Rxg2+ 19. Kh1 Rc2 20. Rd1 Rxc3
21. Rxa7 Rc2 22. Rxb7 Nb4 23. Kg1 Rg2+ 24. Kh1 Rxa2 25. Kg1 Rg2+ 26. Kh1 Rc2 27.
Kg1 Nc6 28. Rb3 Nd4 29. Rbd3 Bg4 30. Rxd4 cxd4 31. Rxd4 Bh3 32. e5 Rg2+ 33. Kh1
Rf2 34. Rd1 Rc2 0-1

[Event "23rd Abu Dhabi Masters"]
[Site "Abu Dhabi UAE"]
[Date "2016.08.23"]
[Round "3.54"]
[White "Wafa, Shrook"]
[Black "Ramnath, Bhuvanesh R"]
[Result "0-1"]
[WhiteTitle "WGM"]
[BlackTitle "IM"]
[WhiteElo "2106"]
[BlackElo "2307"]
[WhiteFideId "10609970"]
[BlackFideId "5026598"]
[EventDate "2016.08.21"]

1. e4 g6 2. d4 Bg7 3. Nc3 c6 4. Nf3 d5 5. exd5 cxd5 6. Bb5+ Bd7 7. Bxd7+ Qxd7 8.
Ne5 Bxe5 9. dxe5 d4 10. Ne2 Nc6 11. Bf4 Rd8 12. O-O f6 13. exf6 Nxf6 14. Bh6 Kf7
15. c3 dxc3 16. Qb3+ Qd5 17. Qxc3 Qd3 18. Rfe1 Qxc3 19. Nxc3 Rd4 20. h3 Rhd8 21.
Re2 R4d7 22. Rae1 Nd4 23. Re5 Nc6 24. Rc5 Nb4 25. Re2 Nd3 26. Rc4 a6 27. Ne4
Nxe4 28. Rcxe4 e5 29. Bg5 Rc8 30. Rd2 Rc5 31. Re3 Rcd5 32. Rf3+ Kg7 33. Bf6+ Kg8
34. Re3 Nf4 35. Rc2 Rd1+ 36. Kh2 Nd5 37. Rc8+ Kf7 38. Bxe5 Nxe3 39. fxe3 Ke6 40.
Bd4 Rd2 41. Re8+ Re7 42. Rc8 Rf7 43. Re8+ Kd7 44. Rb8 Kc6 45. Rc8+ Kd7 46. Rb8
Rff2 47. Rxb7+ Kc8 48. Rb6 Rxg2+ 49. Kh1 Rge2 50. Rc6+ Kd7 51. Rc1 Rh2+ 52. Kg1
Rxh3 53. a3 Rhh2 54. Rc5 Rdg2+ 55. Kf1 Rc2 56. Rxc2 Rxc2 57. a4 Kc6 58. b4 Ra2
59. b5+ axb5 60. axb5+ Kxb5 61. Ke1 0-1

[Event "23rd Abu Dhabi Masters"]
[Site "Abu Dhabi UAE"]
[Date "2016.08.23"]
[Round "3.55"]
[White "Kunal, M."]
[Black "Aditya, Mittal"]
[Result "0-1"]
[BlackTitle "CM"]
[WhiteElo "2302"]
[BlackElo "2140"]
[WhiteFideId "5018250"]
[BlackFideId "35042025"]
[EventDate "2016.08.21"]

1. e4 c5 2. Nf3 d6 3. d4 cxd4 4. Nxd4 Nf6 5. Nc3 a6 6. h3 e6 7. g4 b5 8. g5 Nfd7
9. a3 Bb7 10. Rg1 Nc6 11. Nxc6 Bxc6 12. h4 Qc7 13. Be3 Be7 14. h5 Rd8 15. Be2
Nc5 16. b4 Nxe4 17. Nxe4 Bxe4 18. Qd4 e5 19. Qxe4 Qc3+ 20. Kf1 Qxa1+ 21. Kg2 Qc3
22. g6 d5 23. gxf7+ Kxf7 24. Qf5+ Bf6 25. Bg4 Qc6 26. Bc5 e4 27. Kf1 d4 28. Be2
Rd5 29. Qf4 Qe6 30. a4 d3 31. cxd3 exd3 32. Bf3 d2 33. Kg2 Rg5+ 34. Kh2 Qe5 35.
Qxe5 Bxe5+ 36. Kh1 Rxg1+ 37. Kxg1 Rd8 0-1

[Event "23rd Abu Dhabi Masters"]
[Site "Abu Dhabi UAE"]
[Date "2016.08.23"]
[Round "3.57"]
[White "Wafa, Shahenda"]
[Black "Calzetta Ruiz, Monica"]
[Result "1-0"]
[WhiteTitle "WIM"]
[BlackTitle "WGM"]
[WhiteElo "2113"]
[BlackElo "2257"]
[WhiteFideId "10609962"]
[BlackFideId "2204185"]
[EventDate "2016.08.21"]

1. e4 c5 2. Nf3 d6 3. d4 cxd4 4. Nxd4 Nf6 5. Nc3 g6 6. Be3 Bg7 7. f3 Nc6 8. Qd2
Bd7 9. O-O-O Rc8 10. g4 Ne5 11. Be2 a6 12. g5 Nh5 13. Nd5 O-O 14. Nb3 Bb5 15.
Bb6 Qd7 16. Bd4 Bxe2 17. Qxe2 Nc4 18. Bxg7 Kxg7 19. Nd2 Nxd2 20. Qxd2 Rc5 21.
Qd4+ e5 22. Qe3 Rfc8 23. c3 Qd8 24. Rd2 b5 25. Rhd1 a5 26. Kb1 b4 27. cxb4 axb4
28. Nxb4 Nf4 29. h4 Qb6 30. Qb3 Qc7 31. a3 Rc1+ 32. Ka2 Ne6 33. Rxc1 Qxc1 34.
Rc2 Rxc2 35. Qxc2 Qf4 36. a4 Qxf3 37. Qd3 Qh1 38. a5 Qxh4 39. a6 Qxg5 40. a7 Qd8
41. Nc6 Qc8 42. Nb8 Qb7 43. Qa6 Qa8 44. Nc6 h5 45. Qb6 h4 46. Qb8 Qxc6 47. a8=Q
Qc4+ 48. Qb3 Qf1 49. Qad5 Nd4 50. Qbc4 Qf6 51. Qc8 Qf3 1-0

[Event "23rd Abu Dhabi Masters"]
[Site "Abu Dhabi UAE"]
[Date "2016.08.23"]
[Round "3.58"]
[White "Wang, Xinyue"]
[Black "Rayes, Abdul Kader"]
[Result "0-1"]
[WhiteElo "2092"]
[BlackElo "2254"]
[WhiteFideId "8603960"]
[BlackFideId "7600801"]
[EventDate "2016.08.21"]

1. d4 d6 2. c4 e5 3. dxe5 dxe5 4. Qxd8+ Kxd8 5. g3 Na6 6. Nf3 f6 7. Bg2 Nb4 8.
Na3 c6 9. O-O Bg4 10. h3 Bh5 11. Be3 Ne7 12. Bc5 Bxf3 13. Rad1+ Ke8 14. Bxf3 Nf5
15. Bxb4 Bxb4 16. Nc2 a5 17. a3 Be7 18. Bg4 Nd6 19. Be6 a4 20. f4 Ra5 21. Nb4
exf4 22. gxf4 Ne4 23. Nd3 Bd8 24. Kg2 Ke7 25. Bc8 Nd6 26. Bxb7 Nxb7 27. Nb4 Rc5
28. Rd4 Bb6 29. Re4+ Kf7 30. Nd3 Nd6 31. Rd4 Nf5 32. Rd7+ Ke6 33. Rb7 Rxc4 34.
Rxb6 Ne3+ 35. Kf2 Nxf1 36. Kxf1 Rd8 37. Kf2 Rd5 38. Rb7 Rd7 39. Rb6 Kd6 40. Ra6
Rb7 41. Kf3 Re7 42. Nb4 g5 43. f5 Rf4+ 44. Kg3 Re3+ 45. Kg2 Rxe2+ 46. Kg3 h5 47.
h4 0-1

[Event "23rd Abu Dhabi Masters"]
[Site "Abu Dhabi UAE"]
[Date "2016.08.23"]
[Round "3.59"]
[White "Kathmale, Sameer"]
[Black "Mohamed, Anwar"]
[Result "1-0"]
[WhiteTitle "IM"]
[WhiteElo "2248"]
[BlackElo "2146"]
[WhiteFideId "5024498"]
[BlackFideId "12200182"]
[EventDate "2016.08.21"]

1. e4 e6 2. d4 d5 3. Nd2 Nf6 4. e5 Nfd7 5. f4 c5 6. c3 Nc6 7. Ndf3 Qb6 8. a3 Be7
9. b4 cxd4 10. cxd4 a6 11. h4 Qd8 12. h5 Nb6 13. Bd3 Bd7 14. Ne2 Na7 15. f5 exf5
16. Ng3 Qc8 17. O-O Nb5 18. Bd2 g6 19. Qb3 Be6 20. a4 Nc7 21. b5 axb5 22. Bxb5+
Nxb5 23. Qxb5+ Qc6 24. Rfb1 Rxa4 25. Rxa4 Qxb5 26. Rxb5 Nxa4 27. Rxb7 Bd8 28.
Bh6 Nb6 29. Bg5 Bxg5 30. Nxg5 Nd7 31. h6 Ke7 32. Ne2 Rb8 33. Rxb8 Nxb8 34. Nxh7
Nd7 35. Nf4 Nf8 36. Ng5 1-0

[Event "23rd Abu Dhabi Masters"]
[Site "Abu Dhabi UAE"]
[Date "2016.08.23"]
[Round "3.60"]
[White "Krueger, Norbert"]
[Black "Ashwath, R."]
[Result "0-1"]
[WhiteElo "2091"]
[BlackElo "2227"]
[WhiteFideId "4633245"]
[BlackFideId "5021049"]
[EventDate "2016.08.21"]

1. e4 c5 2. c3 Nf6 3. e5 Nd5 4. d4 cxd4 5. cxd4 Nc6 6. Nc3 Nxc3 7. bxc3 d6 8.
exd6 Qxd6 9. Nf3 e6 10. Bd3 Be7 11. O-O O-O 12. Re1 g6 13. Bc2 b6 14. Ng5 Bxg5
15. Bxg5 f6 16. Bh6 Re8 17. Qf3 f5 18. Bf4 Qd7 19. Bb3 Bb7 20. d5 exd5 21. Bxd5+
Kh8 22. Red1 Na5 23. c4 Bxd5 24. cxd5 Rac8 25. h4 Nb7 26. h5 Nc5 27. Qh3 Kg8 28.
h6 Ne4 29. d6 Nc3 30. Qf3 Nxd1 31. Rxd1 Re4 32. Qb3+ Re6 33. Re1 Kf7 34. Qd5 Rc5
35. Qb3 Rb5 36. Qc4 Rc5 37. Qb3 g5 38. Bxg5 Qxd6 39. Rd1 Qc7 40. Qa4 Kg6 41. f4
Rc1 42. Kh2 Qc6 43. Qd4 Rxd1 44. Qxd1 Kf7 45. Qd8 Re2 46. Qd4 0-1

[Event "23rd Abu Dhabi Masters"]
[Site "Abu Dhabi UAE"]
[Date "2016.08.23"]
[Round "4.1"]
[White "Adhiban, Baskaran"]
[Black "Demchenko, Anton"]
[Result "1/2-1/2"]
[WhiteTitle "GM"]
[BlackTitle "GM"]
[WhiteElo "2671"]
[BlackElo "2600"]
[WhiteFideId "5018471"]
[BlackFideId "4160258"]
[EventDate "2016.08.21"]

1. d4 Nf6 2. Nf3 g6 3. Bg5 Bg7 4. c3 d6 5. Nbd2 O-O 6. e4 c5 7. dxc5 dxc5 8. Bc4
Nc6 9. Qe2 Qc7 10. O-O h6 11. Bxf6 exf6 12. Nh4 g5 13. Nf5 Bxf5 14. exf5 Rae8
15. Qf3 Ne5 16. Qe4 Nxc4 17. Qxc4 Qd7 18. Ne4 b5 19. Nxc5 Qxf5 20. Qb4 a5 21.
Qxb5 1/2-1/2

[Event "23rd Abu Dhabi Masters"]
[Site "Abu Dhabi UAE"]
[Date "2016.08.23"]
[Round "4.2"]
[White "Sadzikowski, Daniel"]
[Black "Areshchenko, Alexander"]
[Result "1/2-1/2"]
[WhiteTitle "IM"]
[BlackTitle "GM"]
[WhiteElo "2551"]
[BlackElo "2665"]
[WhiteFideId "1132253"]
[BlackFideId "14109530"]
[EventDate "2016.08.21"]

1. e4 c5 2. Nf3 d6 3. d4 cxd4 4. Nxd4 Nf6 5. Nc3 a6 6. Be3 e5 7. Nb3 Be6 8. h3
Be7 9. f4 Nc6 10. f5 Bxb3 11. axb3 Nb4 12. g3 d5 13. exd5 Qc7 14. d6 Bxd6 15.
Nb5 Nxc2+ 16. Ke2 Qc6 17. Nxd6+ Ke7 18. Rc1 Nxe3 19. Rxc6 Nxd1 20. Nxb7 Rhb8 21.
Rc7+ Kf8 22. Bg2 Nxb2 23. Nd6 e4 24. Rhc1 Rxb3 25. Rxf7+ Kg8 26. Rxf6 Nd3 27.
Rc2 gxf6 28. Bxe4 Nb4 29. Bxa8 1/2-1/2

[Event "23rd Abu Dhabi Masters"]
[Site "Abu Dhabi UAE"]
[Date "2016.08.23"]
[Round "4.4"]
[White "Efimenko, Zahar"]
[Black "Savchenko, Boris"]
[Result "0-1"]
[WhiteTitle "GM"]
[BlackTitle "GM"]
[WhiteElo "2661"]
[BlackElo "2602"]
[WhiteFideId "14107201"]
[BlackFideId "4147332"]
[EventDate "2016.08.21"]

1. Nf3 d5 2. g3 c5 3. Bg2 Nc6 4. d4 Nf6 5. O-O e6 6. c4 Be7 7. cxd5 exd5 8. Nc3
O-O 9. dxc5 Bxc5 10. b3 a6 11. Bb2 Qd6 12. Rc1 Rd8 13. Na4 Ba7 14. Nd4 Ne5 15.
Qc2 Bg4 16. h3 Bd7 17. e3 Rac8 18. Nc3 b5 19. Nf5 Qe6 20. Nd4 Qd6 21. Nf5 Qf8
22. Qb1 g6 23. Nd4 Bxd4 24. exd4 Bf5 25. Qa1 Nd3 26. Rcd1 Qb4 27. g4 Nxb2 28.
Qxb2 Bxg4 29. Nxd5 Nxd5 30. hxg4 Nc3 31. Rd3 Rxd4 32. a3 Qc5 33. Rfd1 Rcd8 34.
Rxd4 Rxd4 35. Rxd4 Qxd4 36. Bf3 a5 37. b4 axb4 38. axb4 h6 39. Kg2 Kg7 40. Qb3
Qd2 41. Qa3 Qd4 42. Qb3 Qd2 43. Bc6 Kf8 44. Bf3 Na2 45. Bc6 Nxb4 46. Bxb5 Nc2
47. Bc4 Ne1+ 48. Kf1 Qc1 49. Ke2 Ng2 50. Kf3 Nh4+ 51. Ke2 Qf4 52. Kf1 Nf3 53.
Qa3+ Kg7 54. Qc3+ Kh7 55. Be2 Nh2+ 56. Kg2 Nxg4 57. Bxg4 Qxg4+ 58. Kh2 Qf4+ 59.
Kg2 h5 60. Qd3 Qe5 61. Qb3 Kg7 62. Qd3 h4 63. Qd7 Qe4+ 64. Kh2 g5 65. Qd6 Qf4+
66. Qxf4 gxf4 67. Kh3 Kf6 68. Kxh4 Ke5 69. Kg5 Ke4 70. Kg4 f3 71. Kg3 f5 72. Kh2
Kd3 73. Kh3 Kd4 0-1

[Event "23rd Abu Dhabi Masters"]
[Site "Abu Dhabi UAE"]
[Date "2016.08.23"]
[Round "4.5"]
[White "Adly, Ahmed"]
[Black "Amin, Bassem"]
[Result "1/2-1/2"]
[WhiteTitle "GM"]
[BlackTitle "GM"]
[WhiteElo "2603"]
[BlackElo "2654"]
[WhiteFideId "10601619"]
[BlackFideId "10601457"]
[EventDate "2016.08.21"]

1. e4 c5 2. Nf3 d6 3. Bb5+ Bd7 4. Bxd7+ Qxd7 5. O-O Nc6 6. c3 Nf6 7. Qe2 e6 8.
d4 cxd4 9. cxd4 d5 10. e5 Ne4 11. Nbd2 Nxd2 12. Bxd2 Bb4 13. Bxb4 Nxb4 14. a3
Nc6 15. Rac1 Rc8 16. Rc3 O-O 17. Rfc1 Ne7 18. h3 Rxc3 19. Rxc3 Rc8 20. Qc2 h6
21. Rxc8+ Qxc8 22. Qxc8+ Nxc8 1/2-1/2

[Event "23rd Abu Dhabi Masters"]
[Site "Abu Dhabi UAE"]
[Date "2016.08.23"]
[Round "4.6"]
[White "Azarov, Sergei"]
[Black "Kuzubov, Yuriy"]
[Result "0-1"]
[WhiteTitle "GM"]
[BlackTitle "GM"]
[WhiteElo "2581"]
[BlackElo "2639"]
[WhiteFideId "13501470"]
[BlackFideId "14112906"]
[EventDate "2016.08.21"]

1. e4 c6 2. d4 d5 3. e5 c5 4. dxc5 e6 5. a3 Nc6 6. Nf3 Bxc5 7. Bd3 f6 8. b4 Be7
9. Bb2 Nh6 10. O-O Nf7 11. exf6 Bxf6 12. Bxf6 Qxf6 13. Nbd2 O-O 14. c4 Bd7 15.
Qb3 dxc4 16. Nxc4 e5 17. Be4 Be6 18. Qc2 Rac8 19. Bxh7+ Kh8 20. Ncd2 Ne7 21. Qd3
Rcd8 22. Qc2 Rc8 23. Qd3 Rfd8 24. Qe3 Kxh7 25. Ne4 Qf5 26. Nfg5+ Nxg5 27. Nxg5+
Kg8 28. Nxe6 Qxe6 29. Qxa7 Qd5 30. Qe3 Nf5 31. Qh3 Nd4 32. Rae1 Rc6 33. Qg3 Re8
34. h3 Qf7 35. Re4 Qf5 36. Qe3 Rc3 37. Qxc3 Qxe4 38. Qd2 Ne2+ 39. Kh2 Nf4 40. f3
Qd4 41. Qa2+ Kh7 42. Re1 Rd8 43. Qf7 Qf2 44. Qf5+ Kh8 45. Qg5 Rd2 46. Rxe5 Qxg2+
47. Qxg2 Rxg2+ 48. Kh1 Ra2 49. Ra5 b6 50. Ra8+ Kh7 51. a4 Rb2 0-1

[Event "23rd Abu Dhabi Masters"]
[Site "Abu Dhabi UAE"]
[Date "2016.08.23"]
[Round "4.7"]
[White "Gupta, Abhijeet"]
[Black "Bortnyk, Olexandr"]
[Result "1/2-1/2"]
[WhiteTitle "GM"]
[BlackTitle "GM"]
[WhiteElo "2637"]
[BlackElo "2588"]
[WhiteFideId "5010608"]
[BlackFideId "14120828"]
[EventDate "2016.08.21"]

1. d4 d6 2. Nf3 Nf6 3. c4 g6 4. Nc3 Bf5 5. d5 Bg7 6. Nd4 Bd7 7. e4 O-O 8. Be2 e5
9. dxe6 fxe6 10. Be3 Nc6 11. Nc2 Qe7 12. Qd2 a6 13. O-O Rab8 14. b4 Ne5 15. Rad1
b5 16. c5 Bc6 17. f3 d5 18. Bd4 Nc4 19. Bxc4 dxc4 20. Qg5 Rbd8 21. Be5 Rxd1 22.
Rxd1 Qf7 23. h3 h6 24. Qc1 Rb8 25. Ne2 g5 26. Qa3 Rf8 27. Qxa6 Bxe4 28. fxe4 Nh5
29. Bxg7 Nxg7 30. Kh2 Qf2 31. Ncd4 g4 32. Qxb5 gxh3 33. Kxh3 Qe3+ 34. g3 Rf2 35.
Qxc4 Qg5 36. Nf5 h5 37. Nh6+ Qxh6 38. Rd8+ Kh7 39. e5 Qg6 40. Qd3 Qxd3 41. Rxd3
Rxe2 42. Rd7 Kg6 43. Rxc7 Nf5 44. Rc8 Ne3 45. Rg8+ Kf5 46. Rh8 Kg5 47. Rg8+ Kf5
48. Rh8 Ke4 49. Rxh5 Rxa2 50. c6 Rc2 51. b5 Rc1 52. Kh4 Nd5 53. Kg5 Kxe5 54. Rh7
Rc5 55. Rb7 Kd4 56. Rb8 e5 57. Rd8 Ke4 58. Rb8 Kd4 59. Rd8 Ke4 60. Rb8 Rc3 61.
g4 Rc5 62. Kh6 Nc7 63. g5 Nxb5 64. g6 Nd4 65. Kh7 Ne6 66. Rc8 Rc1 67. Kg8 Kd5
68. Kf7 Kd6 69. g7 Nxg7 70. Rd8+ Kc7 71. Rd5 Re1 72. Kxg7 Kxc6 73. Rd8 e4 74.
Kf6 e3 75. Ke5 Rf1 76. Rc8+ Kb5 77. Rc2 Rf2 78. Rc1 e2 79. Re1 Rf8 80. Ke4 1/2-1/2

[Event "23rd Abu Dhabi Masters"]
[Site "Abu Dhabi UAE"]
[Date "2016.08.23"]
[Round "4.8"]
[White "Predke, Alexandr"]
[Black "Iturrizaga Bonelli, Eduardo"]
[Result "1-0"]
[WhiteTitle "GM"]
[BlackTitle "GM"]
[WhiteElo "2553"]
[BlackElo "2626"]
[WhiteFideId "24107581"]
[BlackFideId "3901211"]
[EventDate "2016.08.21"]

1. e4 c6 2. Nc3 d5 3. Nf3 Bg4 4. h3 Bxf3 5. Qxf3 e6 6. Be2 g6 7. d4 Bg7 8. Be3
Ne7 9. h4 h5 10. O-O-O Nd7 11. Kb1 Qb6 12. Rhe1 Bh6 13. Bd3 Bxe3 14. fxe3 f5 15.
e5 c5 16. Nb5 c4 17. Nd6+ Kf8 18. Bf1 Nc8 19. e4 Nxd6 20. exd5 exd5 21. Qxd5 Nb5
22. Re3 Qc6 23. Qxc4 Qxc4 24. Bxc4 Nc7 25. d5 b5 26. Be2 Nb6 27. d6 Ne6 28. Bxb5
Kf7 29. Bc6 Rac8 30. Rc3 Rhd8 31. a4 a5 32. b3 Nf8 33. Rc5 Ke6 34. Kb2 Nfd7 35.
Bxd7+ Nxd7 36. Rxa5 Rc5 37. Rxc5 Nxc5 38. b4 Nxa4+ 39. Kb3 Nb6 40. c4 Nd7 41. c5
Rc8 42. Re1 Nxe5 43. d7 Rd8 44. c6 Kd6 45. Rxe5 Kxc6 46. Rc5+ 1-0

[Event "23rd Abu Dhabi Masters"]
[Site "Abu Dhabi UAE"]
[Date "2016.08.23"]
[Round "4.10"]
[White "Mekhitarian, Krikor Sevag"]
[Black "Salem, A.R. Saleh"]
[Result "1/2-1/2"]
[WhiteTitle "GM"]
[BlackTitle "GM"]
[WhiteElo "2550"]
[BlackElo "2617"]
[WhiteFideId "2107660"]
[BlackFideId "9301348"]
[EventDate "2016.08.21"]

1. e4 c5 2. Nf3 d6 3. d4 cxd4 4. Nxd4 Nf6 5. Nc3 a6 6. g3 e6 7. Bg2 Be7 8. O-O
O-O 9. a4 Nc6 10. Be3 Rb8 11. Qe2 Qc7 12. Kh1 Re8 13. f4 Bd7 14. Nb3 Nb4 15. a5
Rbc8 16. Rac1 Qb8 17. Qd2 Rc4 18. Bb6 Rec8 19. Nd4 Bd8 20. Bxd8 Rxd8 21. Nce2
Nc6 22. b3 Rc5 23. c4 Nxd4 24. Nxd4 e5 25. b4 Rc7 26. Nf5 Bxf5 27. exf5 e4 28.
Rfe1 d5 29. cxd5 Rxd5 30. Qe3 Re7 31. Rc5 Rd8 32. h3 h5 33. Rec1 Kh7 34. g4 Rd3
35. Qf2 e3 36. Qg3 Qd6 37. g5 Ne4 38. Bxe4 Rxe4 39. Qf3 Re8 40. Qxh5+ Kg8 41. g6
Rd8 42. gxf7+ Kf8 43. Re5 Rd1+ 44. Rxd1 Qxd1+ 45. Qxd1 Rxd1+ 46. Kg2 Rb1 47. b5
axb5 48. Rxe3 Ra1 49. Re6 Kxf7 50. Rb6 Rxa5 51. Kg3 Ra1 52. Rxb7+ Kf6 53. Rxb5
Rg1+ 54. Kf2 Ra1 55. Kg3 Rg1+ 56. Kf3 Rf1+ 57. Kg4 Rg1+ 58. Kh5 Rg3 59. Kh4 Rg1
60. Rb8 Kxf5 61. Rf8+ Ke6 62. Kh5 Rg3 63. Kh4 1/2-1/2

[Event "23rd Abu Dhabi Masters"]
[Site "Abu Dhabi UAE"]
[Date "2016.08.23"]
[Round "4.11"]
[White "Oleksiyenko, Mykhaylo"]
[Black "Vishnu Prasanna, V"]
[Result "1/2-1/2"]
[WhiteTitle "GM"]
[BlackTitle "GM"]
[WhiteElo "2610"]
[BlackElo "2512"]
[WhiteFideId "4152417"]
[BlackFideId "5030692"]
[EventDate "2016.08.21"]

1. d4 Nf6 2. c4 g6 3. g3 c6 4. Bg2 d5 5. e3 dxc4 6. Ne2 e5 7. O-O exd4 8. Nxd4
Bg7 9. Na3 Nbd7 10. Nxc4 Nb6 11. Na5 O-O 12. b4 Nbd5 13. Qa4 Re8 14. Bb2 h5 15.
Rad1 Qe7 16. a3 h4 17. e4 Nb6 18. Qc2 hxg3 19. hxg3 Ng4 20. Rfe1 Qe5 21. f3 Qxg3
22. fxg4 Bxg4 23. Qf2 1/2-1/2

[Event "23rd Abu Dhabi Masters"]
[Site "Abu Dhabi UAE"]
[Date "2016.08.23"]
[Round "4.12"]
[White "Dragun, Kamil"]
[Black "Antipov, Mikhail Al."]
[Result "1/2-1/2"]
[WhiteTitle "GM"]
[BlackTitle "GM"]
[WhiteElo "2609"]
[BlackElo "2565"]
[WhiteFideId "1134167"]
[BlackFideId "4107012"]
[EventDate "2016.08.21"]

1. d4 Nf6 2. c4 e6 3. Nc3 Bb4 4. Qc2 O-O 5. Nf3 d6 6. Bd2 b6 7. a3 Bxc3 8. Bxc3
Bb7 9. e3 Nbd7 10. Bd3 Re8 11. O-O a5 12. b4 axb4 13. axb4 Qe7 14. e4 e5 15. d5
Nh5 16. Rfc1 c5 17. g3 cxb4 18. Bxb4 Nc5 19. Bf1 Nf6 20. Nd2 Qf8 21. Bg2 Rxa1
22. Rxa1 Ra8 23. Qb1 Qd8 24. Ra2 Ne8 25. Nf1 Rxa2 26. Qxa2 Qa8 27. Qxa8 Bxa8 28.
Ne3 Bb7 29. f3 Bc8 30. Bf1 Kf8 31. h4 Nf6 32. Nd1 Bd7 33. Nc3 Ne8 34. Ba3 Nc7
35. Be2 Ke7 36. Kf2 f6 37. Ke3 Nb7 38. Kd2 Na6 39. Nd1 Nac5 40. Kc3 Nd8 41. Ne3
Ndb7 42. Bd1 Nd8 43. Bc2 Ndb7 44. Bc1 Kf8 45. Nf5 Na6 46. Ne3 Nac5 47. Ba3 Ke7
48. Nf5+ Kf8 49. g4 h6 50. Bc1 Na6 51. Be3 Nac5 52. Bd1 g5 53. hxg5 1/2-1/2

[Event "23rd Abu Dhabi Masters"]
[Site "Abu Dhabi UAE"]
[Date "2016.08.23"]
[Round "4.14"]
[White "Fedoseev, Vladimir3"]
[Black "Das, Arghyadip"]
[Result "1-0"]
[WhiteTitle "GM"]
[BlackTitle "IM"]
[WhiteElo "2670"]
[BlackElo "2457"]
[WhiteFideId "24130737"]
[BlackFideId "5003610"]
[EventDate "2016.08.21"]

1. d4 e6 2. c4 Nf6 3. a3 c5 4. e3 cxd4 5. exd4 d5 6. Nc3 Be7 7. c5 O-O 8. b4 b6
9. Nf3 Ne4 10. Qc2 Nxc3 11. Qxc3 bxc5 12. bxc5 Nc6 13. Bb5 Bd7 14. O-O f6 15.
Bf4 Ne5 16. Bxd7 Nxf3+ 17. gxf3 Qxd7 18. c6 Rac8 19. Rac1 Qe8 20. Rfe1 Qg6+ 21.
Kh1 Qf5 22. Bg3 g5 23. Kg2 h5 24. h3 Kf7 25. Rb1 g4 26. fxg4 hxg4 27. Rb7 gxh3+
28. Kh2 Rg8 29. Rg1 Ke8 30. Qb2 Bd6 31. Bxd6 Rxg1 32. Re7+ Kd8 33. c7+ Rxc7 34.
Qb8+ Rc8 35. Re8+ Kxe8 36. Qxc8+ Kf7 37. Qf8+ Kg6 38. Qg8+ Kh5 39. Qxg1 Qd3 40.
Bc5 a6 41. Qg3 Qxg3+ 42. Kxg3 Kg5 43. Kxh3 Kf4 44. Be7 1-0

[Event "23rd Abu Dhabi Masters"]
[Site "Abu Dhabi UAE"]
[Date "2016.08.23"]
[Round "4.15"]
[White "Melkumyan, Hrant"]
[Black "Vignesh, N R"]
[Result "1-0"]
[WhiteTitle "GM"]
[BlackTitle "IM"]
[WhiteElo "2650"]
[BlackElo "2423"]
[WhiteFideId "13302485"]
[BlackFideId "25012215"]
[EventDate "2016.08.21"]

1. c4 e6 2. Nf3 Nf6 3. g3 b6 4. Bg2 Bb7 5. d4 Bb4+ 6. Bd2 a5 7. O-O O-O 8. Bf4
Be7 9. Nc3 Ne4 10. Nb5 Na6 11. Qc2 f5 12. Rad1 d6 13. a3 Nf6 14. d5 e5 15. Be3
Nd7 16. Bd2 Nac5 17. b4 Ne4 18. Be3 g6 19. Nd2 Nxd2 20. Bxd2 axb4 21. axb4 Nf6
22. Ra1 Qd7 23. Na7 Kg7 24. Ra2 h5 25. Rfa1 Rh8 26. Qa4 Qxa4 27. Rxa4 Rhb8 28.
Nc6 Bxc6 29. dxc6 Rxa4 30. Rxa4 b5 31. Ra7 Bd8 32. cxb5 Ne8 33. Rb7 Ra8 34. b6
Kf6 35. Ra7 1-0

[Event "23rd Abu Dhabi Masters"]
[Site "Abu Dhabi UAE"]
[Date "2016.08.23"]
[Round "4.16"]
[White "Andriasian, Zaven"]
[Black "Karavade, Eesha"]
[Result "1-0"]
[WhiteTitle "GM"]
[BlackTitle "IM"]
[WhiteElo "2621"]
[BlackElo "2415"]
[WhiteFideId "13302000"]
[BlackFideId "5012600"]
[EventDate "2016.08.21"]

1. e4 c5 2. Nf3 e6 3. g3 Nc6 4. Bg2 Nf6 5. Qe2 Be7 6. O-O e5 7. c3 O-O 8. d3 h6
9. Na3 Re8 10. Nc4 Bf8 11. Ne3 d6 12. h3 Be6 13. Nh2 d5 14. Nhg4 Nxg4 15. hxg4
d4 16. Nd5 dxc3 17. bxc3 Ne7 18. c4 Nc6 19. Be3 Nd4 20. Qd1 Rc8 21. Rb1 b6 22.
a4 Be7 23. f4 f6 24. g5 fxg5 25. Bxd4 exd4 26. e5 Qd7 27. Qe2 Bd8 28. Rbe1 Bg4
29. Bf3 Be6 30. Kh2 g4 31. Be4 Bf5 32. Bxf5 Qxf5 33. Qe4 g6 34. e6 Be7 35. Qxf5
gxf5 36. Re5 Bd6 37. Nf6+ Kh8 38. Rxf5 Rxe6 39. Nxg4 Rf8 40. Rh5 Kg7 41. f5 Rg6
42. Kh3 Bb8 43. Re1 Rg5 44. Re7+ Rf7 45. Rxg5+ hxg5 46. Rxf7+ Kxf7 47. Nf2 Bd6
48. Ne4 Be7 49. Kg4 a6 50. Nxg5+ Bxg5 51. Kxg5 b5 52. axb5 axb5 53. cxb5 c4 54.
dxc4 d3 55. b6 d2 56. b7 d1=Q 57. b8=Q Qd2+ 58. Qf4 Qd8+ 59. Kh5 1-0